Computer oriented numerical methods (Record no. 5099)

MARC details
000 -LEADER
fixed length control field 00522nam a2200169Ia 4500
003 - CONTROL NUMBER IDENTIFIER
control field SGT
020 ## - INTERNATIONAL STANDARD BOOK NUMBER
International Standard Book Number 9788120307865
082 ## - DEWEY DECIMAL CLASSIFICATION NUMBER
Classification number 511.7028542
Item number RAJ
100 ## - MAIN ENTRY--PERSONAL NAME
Personal name Raghavan,V
245 ## - TITLE STATEMENT
Title Computer oriented numerical methods
250 ## - EDITION STATEMENT
Edition statement 3rd Ed.
260 ## - PUBLICATION, DISTRIBUTION, ETC. (IMPRINT)
Name of publisher, distributor, etc PHI Learning Private Limited
Place of publication, distribution, etc New Delhi
Year of Publication 1993
300 ## - PAGE DESCRIPTION
No. of Pages 196p.
650 ## - SUBJECT ADDED ENTRY--TOPICAL TERM
Topical term or geographic name as entry element MATHEMATICS ENGINEERING
653 ## - KEYWORDS--INDEX TERM
Keyword term COMPUTATIONAL ALGORITHMS,COMPUTER ARITHMETIC,ITERATIVE METHODS,SOLUTION OF SIMUULTANEOUS ALGEBRAIC EQUATIONS,INTERPOLATION
942 ## - ADDED ENTRY ELEMENTS (KOHA)
Source of classification or shelving scheme Dewey Decimal Classification
Koha item type Books
Holdings
Withdrawn status Lost status Source of classification or shelving scheme Damaged status Not for loan Home library Current library Date acquired SGTU Total Checkouts Full call number Accession No. (Barcode) Date last seen Bill Date Koha item type Date last borrowed
    Dewey Decimal Classification     SGT Engineering Library SGT Engineering Library 14/02/2010 SGTU   511.7028542 RAJ FE2540 09/02/2015 09/02/2015 Books  
    Dewey Decimal Classification     SGT Engineering Library SGT Engineering Library 14/02/2010 SGTU   511.7028542 RAJ FE2541 09/02/2015 09/02/2015 Books  
    Dewey Decimal Classification     SGT Engineering Library SGT Engineering Library 14/02/2010 SGTU 1 511.7028542 RAJ FE2542 10/06/2017 09/02/2015 Books 18/01/2017
    Dewey Decimal Classification     SGT Engineering Library SGT Engineering Library 06/09/2012 SGTU   511.7028542 RAJ FE5404 26/09/2018 09/02/2015 Books  
    Dewey Decimal Classification     SGT Engineering Library SGT Engineering Library 06/09/2012 SGTU   511.7028542 RAJ FE5405 09/02/2015 09/02/2015 Books